Largest US cities ending with O Quiz Stats

 Plays Quiz not verified by Sporcle

Challenge
Share
Tweet
Embed
Score 0/152 Timer 20:00
0 Plays Today
Population City, town % Correct
2,695,598Chicago
99.5%
1,301,617San Diego
98.7%
805,235San Francisco
98.4%
1,409,019San Antonio
98.4%
225,221Reno
97.4%
674,433El Paso
97.4%
255,483Orlando
96.9%
281,031Toledo
96.9%
118,523Fargo
96.1%
285,342Greensboro
95.8%
494,665Fresno
95.3%
16,026Buffalo
94.8%
261,025Buffalo
94.8%
466,488Sacramento
94.5%
112,488Provo
93.2%
10,856Plano
90.8%
274,409Plano
90.8%
248,142Laredo
90.8%
129,030Waco
87.9%
209,924San Bernardino
86.9%
196,429Amarillo
86.9%
108,755Murfreesboro
86.4%
201,165Modesto
85.3%
108,423Pueblo
80.6%
102,347Hillsboro
80.1%
163,924Ontario
79.5%
10,136Ontario
79.5%
10,999Ontario
79.5%
136,791Frisco
79%
97,207San Mateo
78.2%
143,911Escondido
72.7%
87,521Rio Rancho
71.1%
97,492San Angelo
70.9%
57,265Owensboro
70.3%
115,942Vallejo
69.3%
30,355Oswego
66.4%
18,158Oswego
66.4%
45,119San Luis Obispo
63.8%
40,191Marlboro (township)
63.5%
67,263Jonesboro
63%
84,950San Leandro
62.5%
68,406Waterloo
61.4%
54,441Pocatello
60.6%
86,187Chico
59.1%
99,171Rialto
58%
10,633Waynesboro (township)
57%
21,491Waynesboro
57%
33,597West Fargo
56.2%
74,262Kalamazoo (city)
55.4%
21,918Kalamazoo (township)
55.4%
93,305Mission Viejo
52.8%
Population City, town % Correct
83,891Cicero
52.5%
31,632Cicero
52.5%
78,409Largo
50.4%
34,546Tupelo
50.4%
64,403Palo Alto
48.6%
77,983Chino
48.3%
76,036Indio
47.2%
68,648Pasco
47.2%
42,598El Centro
43.8%
28,422Statesboro
43.6%
43,593Attleboro
43.3%
41,044Mankato
43.3%
23,645San Fernando
43%
38,496Lake Oswego
43%
53,041Delano
42.8%
126,595Ramapo
42.8%
32,574North Chicago
42.5%
44,199San Jacinto
41.5%
29,212East Chicago
40.9%
63,632South San Francisco
40.7%
27,086West Chicago
39.6%
18,884El Dorado
39.1%
12,852El Dorado
39.1%
35,826Goldsboro
38.6%
18,353Alamo
38.1%
56,895Kokomo
37%
34,593San Juan Capistrano
36%
36,651Oviedo
35.2%
41,114San Bruno
34.9%
48,744West Sacramento
34.4%
58,302Cupertino
34.1%
14,770Scottsboro
33.6%
65,201Camarillo
33.3%
29,139San Pablo
32.8%
47,823Aliso Viejo
32.5%
12,046Brattleboro
32.5%
28,155East Palo Alto
32.3%
15,194Owosso
31.8%
51,904Novato
31.2%
34,542Owasso
31%
62,500Montebello
29.4%
30,403Alamogordo
29.4%
10,334Middlesboro
28.9%
18,297Elko
28.9%
38,572Calexico
27.3%
51,483DeSoto
27.3%
28,310Atascadero
25.7%
35,589Del Rio
25.5%
24,697Coronado
24.4%
13,147San Marino
24.1%
24,250San Benito
24.1%
Population City, town % Correct
26,103Asheboro
23.4%
21,156Carrboro
23.4%
17,834Durango
23.1%
31,765Adelanto
22%
10,700Orono
21.3%
16,654El Segundo
21%
19,883Owego
20.7%
12,048Baraboo
20.7%
19,014Saco
19.9%
12,336San Anselmo
19.2%
12,411Lewisboro
19.2%
27,063Norco
18.6%
25,545Wasco
17.8%
31,629Willingboro (township)
17.8%
11,415Tarboro
17.1%
18,516El Reno
15.2%
22,999Plainsboro (township)
14.7%
14,090Hernando
14.4%
37,093Weslaco
13.9%
11,788Kelso
13.9%
24,135Muskego
13.9%
18,579Glassboro (borough)
12.6%
32,517Socorro
12.6%
11,198Hidalgo
11.3%
15,551Otsego
11%
17,409Springboro
10.8%
14,698Hutto
10.2%
13,529North Mankato
10%
11,530Mexico
9.7%
32,261Valparaiso
9.2%
11,097Irmo
8.9%
16,028Streetsboro
8.7%
13,603San Elizario
8.4%
20,827East Pennsboro (township)
8.1%
19,580Cibolo
7.9%
20,081Scio (township)
7.3%
12,606Palmetto
6.8%
21,705Oshtemo (township)
6%
13,299Monticello
6%
11,252Chenango
5.8%
11,602El Campo
5.8%
20,993Mukilteo
5.5%
10,483Geneseo
5.2%
10,981Pocono (township)
5%
14,388Hugo
3.9%
10,877Mount Kisco
3.9%
12,157Neosho
3.7%
10,379East Cocalico (township)
2.1%
10,822Rapho (township)
1.3%
11,346Suamico
1.3%

You're not logged in!

Compare scores with friends on all Sporcle quizzes.
OR
Log In

You Might Also Like...

Show Comments

Extras

Top Quizzes Today


Score Distribution

Your Account Isn't Verified!

In order to create a playlist on Sporcle, you need to verify the email address you used during registration. Go to your Sporcle Settings to finish the process.

Report this User

Report this user for behavior that violates our Community Guidelines.

Details: